000 00517nam a2200193 a 4500
001 1758091731294
003 ACL
005 20250917122059.0
008 250917s2008##################000#0#eng##
020 _a9780743497237
082 0 4 _a791.4575
_bERD
100 1 _aErdmann, Terry J.,
_eauthor.
245 1 0 _aStar Trek 101: A Practical Guide to Who, What, Where, and Why :
260 _bPocket Books/Star Trek,
_c2008.
300 _a320 pages
650 0 _aFiction.
942 _cENGLISH
040 _aACL
_beng
_cACL
999 _c587628
_d587628